Statistics for New Orleans Pelicans All-Time Roster

Click here to take the quiz!

General Stats

  • This quiz has been taken 391 times
  • The average score is 6 of 12

Answer Stats

PostPlayer% Correct
CAnthony Davis
98%
SGBaron Davis
97%
PGChris Paul
93%
BNJrue Holiday
57%
PFDavid West
54%
SFJamal Mashburn
36%
BNPeja Stojakovic
31%
BNEric Gordon
29%
BNTyson Chandler
23%
BNRyan Anderson
22%
BNP.J. Brown
18%
BNJamaal Magloire
12%

Score Distribution

Percentile by Number Answered

Percent of People with Each Score

Your Score History

You have not taken this quiz